000 00319nam a22001097a 4500
008 140106b xxu||||| |||| 00| 0 eng d
010 _a85-22805
020 _a047187828
_cAvailable
082 _a620.0068ULL
_b002542
245 _aHandbook of Engineering Management
_cUllmann John E
260 _aCanada
_bJohan Wiley & Sons
_c1986
999 _c23759
_d23759